00625 a2200241 4500260001000000630006300010037001200073650002800085100002100113260002000134245006900154300000900223650001300232650001300245260000900258300001000267100000700277037001100284440004000295250001700335020001800352440001300370 aParis a62 - Ingenierie. Art de lingenieur. Technologie en general b1, CIUF a6 - SCIENCES APPLIQUEES aToutain, Laurent bHermes Sciences aRéseaux locaux et internet des protocoles à l'interconnexion a733p aRéseau aInternet c1999 b23 cm lFr aS 8490 aRéseaux et télécommunications a2ème éd. a2-7472-0000-7 x1272-091